000
00316nam a2200145Ia 4500
003
OSt
008
191201s2013 xx 000 0 und d
100
_a
REDDY,CS
245
0
_a
Basic Structural Analysis
250
_a
3rd
260
_a
N. Delhi
_b
TMH
_c
2013
300
_a
841
650
_a
B.Tech(CE)
942
_2
ddc
_c
BK
999
_c
5850
_d
5850